Technics and Praxis (Record no. 12821)

MARC details
000 -CABECERA
campo de control de longitud fija 00822nam a2200289 4500
003 - IDENTIFICADOR DEL NÚMERO DE CONTROL
campo de control OSt
005 - FECHA Y HORA DE LA ÚLTIMA TRANSACCIÓN
campo de control 20260530115300.0
008 - DATOS DE LONGITUD FIJA--INFORMACIÓN GENERAL
campo de control de longitud fija 260506b1979 |||||||| |||| 00| 0 eng d
020 ## - NÚMERO INTERNACIONAL ESTÁNDAR DEL LIBRO
Número Internacional Estándar del Libro 9027709548
040 ## - FUENTE DE LA CATALOGACIÓN
Centro catalogador/agencia de origen ICI
Lengua de catalogación spa
Centro/agencia transcriptor ICI
041 ## - CÓDIGO DE LENGUA
Código de lengua del texto/banda sonora o título independiente eng
050 ## - SIGNATURA TOPOGRÁFICA DE LA BIBLIOTECA DEL CONGRESO
Número de clasificación T14
Número de documento/Ítem I34
100 1# - ENTRADA PRINCIPAL--NOMBRE DE PERSONA
Nombre de persona Ihde, Don
9 (RLIN) 31139
245 10 - MENCIÓN DE TÍTULO
Título Technics and Praxis
250 ## - MENCIÓN DE EDICIÓN
Mención de edición 1a edición.
260 ## - PUBLICACIÓN, DISTRIBUCIÓN, ETC.
Lugar de publicación, distribución, etc. Dordrecht :
Nombre del editor, distribuidor, etc. D. Reidel Publishing Company,
Fecha de publicación, distribución, etc. 1934.
264 #1 - PRODUCCIÓN, PUBLICACIÓN, DISTRIBUCIÓN, FABRICACIÓN Y COPYRIGHT
Nombre del de productor, editor, distribuidor, fabricante D. REIDEL PUBLISHING Co. London
Fecha de producción, publicación, distribución, fabricación o copyright 1979
Producción, publicación, distribución, fabricación y copyright Holanda
300 ## - DESCRIPCIÓN FÍSICA
Extensión 151 páginas :
336 ## - TIPO DE CONTENIDO
Término de tipo de contenido texto
Fuente rdacontent
337 ## - TIPO DE MEDIO
Nombre/término del tipo de medio sin medio
Fuente rdamedia
338 ## - TIPO DE SOPORTE
Nombre/término del tipo de soporte volumen
Fuente rdacarrier
650 ## - PUNTO DE ACCESO ADICIONAL DE MATERIA--TÉRMINO DE MATERIA
Término de materia o nombre geográfico como elemento de entrada Tecnología
Subdivisión general Filosofía.
650 ## - PUNTO DE ACCESO ADICIONAL DE MATERIA--TÉRMINO DE MATERIA
Término de materia o nombre geográfico como elemento de entrada Tecnología y civilización.
9 (RLIN) 25877
650 ## - PUNTO DE ACCESO ADICIONAL DE MATERIA--TÉRMINO DE MATERIA
Término de materia o nombre geográfico como elemento de entrada Praxis (Filosofía).
9 (RLIN) 31141
650 ## - PUNTO DE ACCESO ADICIONAL DE MATERIA--TÉRMINO DE MATERIA
Término de materia o nombre geográfico como elemento de entrada Cambio social.
9 (RLIN) 22757
942 ## - ELEMENTOS DE PUNTO DE ACCESO ADICIONAL (KOHA)
Fuente del sistema de clasificación o colocación Library of Congress Classification
Tipo de ítem Koha
Suprimir en OPAC 1

No items available.